00386nam a2200169Ia 4500003000400000005001700004008004100021020001800062040000700080041000800087082001500095100002100110245004400131260002000175300000900195650001200204OSt20251205110409.0250729s2005 xx 000 0 und d a9788171414000 cAL aeng a420.7 MUKA aMukalel C Joseph aApproaches to english language teaching aNew Delhic2005 a218p aEnglish